Sports Quiz

Random Sports or Basketball Quiz
Score 0/150 Timer 13:00
4 Plays Today
% Correct
Lebron James
94.8%
Kevin Garnett
92.8%
Paul Pierce
92.4%
Kobe Bryant
92%
Shaquille O'Neal
90.3%
Ray Allen
90.1%
Ray Allen
90.1%
Jermaine O'neal
89.7%
Steve Nash
87.7%
Steve Nash
87.7%
Dwyane Wade
87.5%
Tim Duncan
87%
Carmelo Anthony
85.9%
Tony Parker
85.8%
Rajon Rondo
85.6%
Allen Iverson
84.9%
Jason Kidd
84.8%
Dirk Nowitzki
84.7%
Ben Wallace
84.4%
Rasheed Wallace
84.4%
Rasheed Wallace
84.4%
Gerald Wallace
84.2%
Deron Williams
83.9%
Mo Williams
83.8%
Jason Williams
83.8%
Jason Williams
83.8%
Marvin Williams
83.7%
Chris Paul
83.6%
Joe Johnson
82.9%
Alvin Williams
82.5%
Chauncey Billups
81%
Dwight Howard
80.8%
Josh Howard
80.4%
Vince Carter
79.7%
Vince Carter
79.7%
Yao Ming
79.5%
Pau Gasol
79.2%
Tracy McGrady
79.1%
Tracy McGrady
79.1%
Josh Smith
78.5%
David West
77.6%
Kevin Durant
76.4%
Reggie Miller
76.2%
Richard Hamilton
76.1%
Andre Miller
76%
Andre Miller
76%
Mike Miller
76%
Brad Miller
76%
Derek Fisher
75.7%
Joe Smith
75.2%
% Correct
Manu Ginobili
75.1%
Baron Davis
74.7%
Antonio Davis
74.5%
Antonio Davis
74.4%
Amare Stoudemire
72.8%
Gilbert Arenas
71.2%
Chris Bosh
70.8%
Tayshaun Prince
70.1%
Mike Bibby
69.3%
David Robinson
68.4%
Chris Webber
68.2%
Kendrick Perkins
67.9%
Richard Jefferson
64.6%
Elton Brand
64.3%
Carlos Boozer
63.4%
Antoine Walker
63.1%
Shawn Marion
63.1%
Al Jefferson
61.9%
Michael Redd
61.2%
Eddy Curry
59.9%
Al Horford
59.5%
Zydrunas Ilgauskas
58.7%
Antawn Jamison
58.4%
Ben Gordon
57.7%
Brandon Roy
57.4%
Jameer Nelson
57.1%
Antawn Jamison
56.8%
Jason Terry
55.3%
Stephon Marbury
55.3%
Kenyon Martin
55.1%
Peja Stojakovic
54.9%
Kirk Hinrich
54.6%
Rashard Lewis
54.5%
Rashard Lewis
54.5%
Luol Deng
54.3%
Lamar Odom
53.6%
Jason Richardson
53.2%
Jason Richardson
53.2%
Udonis Haslem
52.8%
Steve Francis
52.8%
Andre Iguodala
52.2%
Zach Randolph
51.9%
Andrei Kirilenko
49.9%
Grant Hill
49.4%
Emeka Okafor
48.8%
Bruce Bowen
48.8%
Andrew Bogut
48%
Eddie Jones
46.9%
Nene Hilario
46.6%
Latrell Sprewell
46.6%
% Correct
Allan Houston
45.7%
David Lee
45.2%
Sam Cassell
45%
Danny Granger
44.9%
Michael Finley
44.9%
Caron Butler
44.2%
Chris Kaman
43.8%
Rick Fox
42.9%
Raymond Felton
42.6%
Marcus Camby
42.1%
Rudy Gay
41.6%
Mehmet Okur
41.4%
Hedo Turkoglu
40.5%
Damon Stoudamire
39.9%
Eric Snow
39.5%
Kurt Thomas
37.4%
Kenny Thomas
37.3%
Corey Maggette
34.9%
Doug Christie
34.8%
PJ Brown
34.6%
Shane Battier
33.3%
Jamaal Tinsley
32.9%
Erick Dampier
32.5%
Erick Dampier
32.5%
Samuel Dalembert
32.2%
Nick Collison
31.4%
Larry Hughes
31.1%
Brendan Haywood
29.7%
Brian Grant
28.8%
Raja Bell
28.8%
Cuttino Mobley
28.5%
Luis Scola
27.4%
Wally Szczerbiak
26%
Jamal Mashburn
25.6%
Drew Gooden
23.9%
Luke Ridnour
23.4%
Mo Peterson
23.4%
Jeff Foster
21.1%
Mike Dunleavy
19.2%
Jason Collins
18.9%
David Wesley
17.5%
Bonzi Wells
17.3%
DeShawn Stevenson
15.5%
Ronnie Brewer
14.9%
Desmond Mason
14.4%
Primoz Brezec
13.5%
Lorenzen Wright
11.1%
Trenton Hassell
9%
Voshon Lenard
8.4%
Jeff McInnis
6.4%
Remove Ads.
Support Sporcle.
Get the best of Sporcle when you Go Orange. This ad-free experience offers more features, more stats, and more fun while also helping to support Sporcle. Thank you for becoming a member.

You're not logged in!

Compare scores with friends on all Sporcle quizzes.
OR
Log In

Sporcle TV

Today on Sporcle TV


Watch our educational content, quiz creation guides, and fun videos on Sporcle TV.

Show Comments

Extras

Top Quizzes Today


Score Distribution

Paid Content

Your Account Isn't Verified!

In order to create a playlist on Sporcle, you need to verify the email address you used during registration. Go to your Sporcle Settings to finish the process.

Report this User

Report this user for behavior that violates our Community Guidelines.

Details: